|
|
|
|
| LEADER |
00000cam a2200000 7i4500 |
| 001 |
0000000172 |
| 005 |
20151222.0 |
| 008 |
070629 |
| 020 |
|
|
|a 9831280970
|
| 090 |
0 |
0 |
|a JF
|b ENG (232)
|
| 100 |
1 |
|
|a Sheera Neol
|
| 245 |
1 |
0 |
|a Thumbelina
|c Sheera Neol
|
| 260 |
|
|
|a Kuala Lumpur :
|b Good Book Publisher ,
|c 2007
|
| 440 |
|
|
|a Step into English
|
| 500 |
|
|
|a Children ages 7-9 years old (orange)
|
| 650 |
|
0 |
|a English fiction
|
| 999 |
|
|
|a 0000899258
|b Book
|c Children Collection
|e Cawangan Mersing
|
| 999 |
|
|
|a 0000954534
|b Book
|c Children Collection
|e Perbadanan Perpustakaan Awam Johor
|
| 999 |
|
|
|a 0000954535
|b Book
|c Children Collection
|e Perbadanan Perpustakaan Awam Johor
|
| 999 |
|
|
|a 0000954536
|b Book
|c Children Collection
|e Cawangan Tmn. Ungku Tun Aminah
|
| 999 |
|
|
|a 0000954537
|b Book
|c Children Collection
|e Perbadanan Perpustakaan Awam Johor
|
| 999 |
|
|
|a 0000954538
|b Book
|c Children Collection
|e Perbadanan Perpustakaan Awam Johor
|
| 999 |
|
|
|a 0000962886
|b Book
|c Children Collection
|e Cawangan Mersing
|
| 999 |
|
|
|a 0001077899
|b Book
|c Children Collection
|e Cawangan Tmn. Ungku Tun Aminah
|
| 999 |
|
|
|a 0001077909
|b Book
|c Children Collection
|e Cawangan Tangkak
|
| 999 |
|
|
|a 0001089695
|b Book
|c Children Collection
|e Cawangan Mersing
|
| 999 |
|
|
|a 0001089703
|b Book
|c Children Collection
|e Cawangan Pontian
|
| 999 |
|
|
|a 0001089719
|b Book
|c Children Collection
|e Cawangan Bandar Penawar
|
| 999 |
|
|
|a 0001089727
|b Book
|c Children Collection
|e Cawangan Bandar Penawar
|
| 999 |
|
|
|a 0001089735
|b Book
|c Children Collection
|e Cawangan Kota Tinggi
|
| 999 |
|
|
|a 0001089775
|b Book
|c Children Collection
|e Cawangan Segamat
|
| 999 |
|
|
|a 0001089792
|b Book
|c Children Collection
|e Cawangan Bukit Gambir
|
| 999 |
|
|
|a 0001089810
|b Book
|c Children Collection
|e Cawangan Taman Universiti
|
| 999 |
|
|
|a 0001089838
|b Book
|c Children Collection
|e Cawangan Segamat
|
| 999 |
|
|
|a 0001089871
|b Book
|c Children Collection
|e Cawangan Segamat
|
| 999 |
|
|
|a 0001089917
|b Book
|c Children Collection
|e Cawangan Taman Universiti
|
| 999 |
|
|
|a 0001089944
|b Book
|c Children Collection
|e Cawangan Mersing
|
| 999 |
|
|
|a 0001089952
|b Book
|c Children Collection
|e Cawangan Pontian
|
| 999 |
|
|
|a 0001089968
|b Book
|c Children Collection
|e Cawangan Bandar Penawar
|
| 999 |
|
|
|a 0001089975
|b Book
|c Children Collection
|e Cawangan Bandar Penawar
|
| 999 |
|
|
|a 0001090000
|b Book
|c Children Collection
|e Cawangan Kota Tinggi
|
| 999 |
|
|
|a 0001090007
|b Book
|c Children Collection
|e Cawangan Taman Universiti
|
| 999 |
|
|
|a 0001090039
|b Book
|c Acts
|e Cawangan Kota Tinggi
|
| 999 |
|
|
|a 0001090055
|b Book
|c Children Collection
|e Cawangan Mersing
|
| 999 |
|
|
|a 0001090063
|b Book
|c Children Collection
|e Cawangan Pontian
|
| 999 |
|
|
|a 0001090072
|b Book
|c Children Collection
|e Cawangan Kota Tinggi
|
| 999 |
|
|
|a 0001090088
|b Book
|c Children Collection
|e Cawangan Bandar Penawar
|
| 999 |
|
|
|a 0001090095
|b Book
|c Children Collection
|e Cawangan Pontian
|